000 00586 a2200133 4500
082 _a-
100 _aShahnawaz Janjua
_993357
245 _aDesign and FPGA based implementation of barker demodulation block and CCK correlator block for DSSS technique in IEEE 802.11g
_cShahnawaz Janjua
260 _aIslamabad :
_bNUST School of Electrical Engineering & Computer Science,
_c2009.
300 _a106 p. :
_bill. ;
_c27 cm +
_eCD-ROM
500 _aSupervisors : Dr. N D Gohar, Mr. Bilal Saqib.
856 _u http://10.250.8.41:8080/xmlui/handle/123456789/29685
942 _cPR
_kBICSE-3 SHA
_2ddc
999 _c10031
_d10031